| 000 | 00550nam a2200181Ia 4500 | ||
|---|---|---|---|
| 003 | OSt | ||
| 005 | 20240401151219.0 | ||
| 008 | 210210b1923 xxu||||| |||| 00| 0 eng d | ||
| 040 | _cAL | ||
| 041 | _aKannada | ||
| 082 | _a856/53 | ||
| 100 |
_aPUTTANNA (M S) ಪುಟ್ಟಣ್ಣ ಎಂ ಎಸ್ _9157538 |
||
| 245 |
_aPalayagararu: Aidu Upanyasagalu _bಪಾಳಯಗಾರರು: ಐದು ಉಪನ್ಯಾಸಗಳು |
||
| 260 |
_aBengaluru _b- _c1923 |
||
| 690 |
_aKannada Miscellaneous _9157539 |
||
| 906 | _a020305 | ||
| 942 |
_2ddc _cBK |
||
| 999 |
_c144457 _d144457 |
||